000 00712nam a2200289Ia 4500
005 20260324112214.0
008 008 260324s9999 xx 000 0 eng d
020 _a9781032678214
037 _aEBOOK
040 _aCRL
040 _beng
040 _cCRL
041 _2eng
041 _aeng
084 _qCRL
100 _aTamara Yasmin Quick; David Roesner
_91141725
245 0 _aMusic and Sound in European Theatre
245 0 _bPractices, Performances, Perspectives
260 _bTaylor and Francis
260 _c2024
365 _a
365 _b220
856 _uhttp://www.taylorfrancis.com/books/9781032678214
942 _cEBOOK
999 _c1730850
_d1730850